Normal view
MARC view
- Iglesia y Estado
Entry Materia
001 - NÚMERO DE CONTROL DEL REGISTRO
- campo de control: 22909
003 - IDENTIFICADOR DE NUMERO DE CONTROL
- campo de control: UPN
005 - FECHA Y HORA DE LA ÚLTIMA TRANSACCIÓN
- campo de control: 20230322121832.0
008 - DATOS DE LONGITUD FIJA
- campo de control de longitud fija: 230322n||acnnnbabn a ana |d
035 ## - NÚMERO DE CONTROL DEL SISTEMA
- Número de control del sistema: UPN10000022918
040 ## - FUENTE DE LA CATALOGACIÓN
- Centro catalogador de origen: UPN
- Lengua de catalogación: spa
- Agencia de transcripción: UPN
046 ## - FECHAS CON CODIFICACIÓN ESPECIAL
- Fecha final para contenidos agregados: 2023
053 #4 - NÚMERO CLASIFICADOR - BIBLIOTECA DEL CONGRESO (LC)
- Elemento numérico de la clasificación - Número único o no. inicial del rango: BV629
- Elemento numérico de la clasificación - Número único o no. final del rango: BV631
150 ## - ENCABEZAMIENTO - TEMÁTICO
- Término de materia o nombre geográfico como elemento inicial: Iglesia y Estado
450 ## - VÉASE - MATERIA
- Encabezamiento temático: Estado e Iglesia
450 ## - VÉASE - MATERIA
- Encabezamiento temático: Iglesia Católica y Estado (Iglesia y Estado)
550 ## - VÉASE ADEMÁS - MATERIA
- Subcampo de control: g
- Encabezamiento temático o nombre geográfico como elemento de entrada: Estado
670 ## - FUENTE EN LA QUE SE LOCALIZARON DATOS
- Cita de la fuente: E
902 ## - CATALOGADOR
- Catalogador: BEC/270896
